EVERYONE'S A STAR! - 5 Seconds of Summer (5SOS) - Statistics

General Stats
  • This quiz has been taken 13 times
  • The average score is 10 of 12
Answer Stats
# Song % Correct
1 Everyone's A Star!
100%
2 NOT OK
100%
10 Evolve
92%
8 Ghost
92%
6 I'm Scared I'll Never Sleep Again
92%
12 Jawbreaker
92%
3 Telephone Busy
92%
7 istillfeelthesame
83%
11 The Rocks
83%
4 Boyband
75%
9 Sick of Myself
67%
5 No. 1 Obsession
58%
No matching quizzes found
Score Distribution
Percent of People with Each Score
Percentile by Number Answered
Your Score History
You have not taken this quiz